Introducing the GeoRePORT resource size tool : reporting on geothermal resource size estimations using the Geothermal Resource Portfolio Optimization and Reporting Technique (GeoRePORT) : preprint /

Bibliographic Details
Main Author: Rubin, Rachel (Geomicrobiologist) (Author)
Corporate Author: United States. Department of Energy. Office of Energy Efficiency and Renewable Energy (sponsoring body.)
Format: Government Document eBook
Language:English
Published: Golden, CO : National Renewable Energy Laboratory, 2021.
Series:Conference paper (National Renewable Energy Laboratory (U.S.)) ; 5500-75267.
Subjects:
Online Access:https://purl.fdlp.gov/GPO/gpo175362

MARC

Tag First Indicator Second Indicator Subfields
LEADER 00000nam a2200000 i 4500
001 in00004586421
003 OCoLC
005 20220310134226.0
006 m o d f
007 cr |||||||||||
008 220310s2021 coua ob f000 0 eng c
035 |a (OCoLC)on1302872450 
040 |a GPO  |b eng  |e rda  |e pn  |c GPO  |d MvI 
042 |a pcc 
043 |a n-us--- 
049 |a WWW 
074 |a 0430-P-04 (online) 
086 0 |a E 9.17:NREL/CP-5500-75267 
100 1 |a Rubin, Rachel  |c (Geomicrobiologist),  |e author. 
245 1 0 |a Introducing the GeoRePORT resource size tool :  |b reporting on geothermal resource size estimations using the Geothermal Resource Portfolio Optimization and Reporting Technique (GeoRePORT) : preprint /  |c Rachel Rubin [and five others]. 
246 3 |a Introducing the Geothermal Resource Portfolio Optimization and Reporting Technique resource size tool 
246 3 0 |a Reporting on geothermal resource size estimations using the Geothermal Resource Portfolio Optimization and Reporting Technique (GeoRePORT) 
264 1 |a Golden, CO :  |b National Renewable Energy Laboratory,  |c 2021. 
300 |a 1 online resource (12 pages) :  |b color illustrations. 
336 |a text  |b txt  |2 rdacontent 
337 |a computer  |b c  |2 rdamedia 
338 |a online resource  |b cr  |2 rdacarrier 
490 1 |a NREL/CP ;  |v 5500-75267 
500 |a "September 2021." 
500 |a "Funding provided by the U.S. Department of Energy Office of Energy Efficiency and Renewable Energy Geothermal Energy Technologies Office"--Title page verso. 
500 |a "Presented at the World Geothermal Congress 2020, April 26-May 2, 2020"--Cover. 
500 |a GPO Cataloging Record Distribution Program (CRDP). 
504 |a Includes bibliographical references (page 11). 
536 |b DE-AC36-08GO28308 
588 |a Description based on online resource; title from PDF title page (NREL, viewed February 14, 2021). 
650 0 |a Geothermal resources  |z United States  |x Computer programs. 
650 0 |a Information storage and retrieval systems  |x Geothermal resources. 
710 2 |a National Renewable Energy Laboratory (U.S.),  |e issuing body. 
710 1 |a United States.  |b Department of Energy.  |b Office of Energy Efficiency and Renewable Energy,  |e sponsoring body. 
830 0 |a Conference paper (National Renewable Energy Laboratory (U.S.)) ;  |v 5500-75267. 
856 4 0 |u https://purl.fdlp.gov/GPO/gpo175362  |t 0 
999 f f |i e1ca008d-13b3-49ee-a3f9-35b423db9fae  |s 96401718-c16d-4b7e-b60b-42e082346d44  |t 0 
952 f f |a Texas A&M University  |b College Station  |c Electronic Resources  |d Available Online  |t 0  |e E 9.17:NREL/CP-5500-75267  |h Superintendent of Documents classification 
998 f f |a E 9.17:NREL/CP-5500-75267  |t 0  |l Available Online